UBT Library

Methods in molecular biology and protein chemistry : (Record no. 42094)

000 -LEADER
fixed length control field 00925cam a22003017a 4500
001 - CONTROL NUMBER
control field 12958825
005 - DATE AND TIME OF LATEST TRANSACTION
control field 20180208040712.0
008 - FIXED-LENGTH DATA ELEMENTS--GENERAL INFORMATION
fixed length control field 021004s2002 enka b 001 0 eng
010 ## - LIBRARY OF CONGRESS CONTROL NUMBER
LC control number 2002514238
015 ## - NATIONAL BIBLIOGRAPHY NUMBER
National bibliography number GBA2-X8029
016 7# - NATIONAL BIBLIOGRAPHIC AGENCY CONTROL NUMBER
Record control number 101146355
Source DNLM
020 ## - INTERNATIONAL STANDARD BOOK NUMBER
International Standard Book Number 0470843608 (pbk.)
035 ## - SYSTEM CONTROL NUMBER
System control number (OCoLC)ocm49593679
040 ## - CATALOGING SOURCE
Original cataloging agency NLM
Transcribing agency NLM
Modifying agency UKM
-- IXA
-- DLC
041 ## - LANGUAGE CODE
Language code of text/sound track or separate title eng
042 ## - AUTHENTICATION CODE
Authentication code lccopycat
060 00 - NATIONAL LIBRARY OF MEDICINE CALL NUMBER
Classification number 2002 F-876
060 10 - NATIONAL LIBRARY OF MEDICINE CALL NUMBER
Classification number QW 25
Item number S735m 2002
080 ## - UNIVERSAL DECIMAL CLASSIFICATION NUMBER
Universal Decimal Classification number 572.8 SPA
082 04 - DEWEY DECIMAL CLASSIFICATION NUMBER
Classification number 572.8 SPA
Edition number 21
100 1# - Rafti
Rafti 11
101 ## - Shkurtesa
Shkurtesa BIO
245 10 - TITLE STATEMENT
Title Methods in molecular biology and protein chemistry :
Statement of responsibility, etc Brenda D. Spangler.
504 ## - BIBLIOGRAPHY, ETC. NOTE
Bibliography, etc Includes bibliographical references and index.
906 ## - LOCAL DATA ELEMENT F, LDF (RLIN)
a 7
b cbc
c copycat
d 3
e ncip
f 20
g y-gencatlg
942 ## - ADDED ENTRY ELEMENTS (KOHA)
Source of classification or shelving scheme
Item type Books
Holdings
Withdrawn status Lost status Source of classification or shelving scheme Damaged status Not for loan Collection code Permanent location Current location Shelving location Date acquired Total Checkouts Full call number Barcode Date last seen Price effective from Koha item type
          Koleksioni i përgjithshem UBT - Lipjan UBT - Lipjan Koleksioni i përgjithshem 02/08/2018   572.8 SPA 002-2998921 02/08/2018 02/08/2018 Books
UBT Library © 2015-2024. All rights reserved University Education for Business and Technology